Hindu revivalism : (Record no. 65673)

MARC details
000 -LEADER
fixed length control field 00549nam a22001577a 4500
005 - DATE AND TIME OF LATEST TRANSACTION
control field 20120426123053.0
020 ## - INTERNATIONAL STANDARD BOOK NUMBER
Terms of availability 250.00
035 ## - SYSTEM CONTROL NUMBER
System control number B-122223
037 ## - SOURCE OF ACQUISITION
Stock number DPL
Source of stock number/acquisition ENG
100 ## - MAIN ENTRY--PERSONAL NAME
Personal name Bawa, Poonam
245 ## - TITLE STATEMENT
Title Hindu revivalism :
Remainder of title Its ideological roots of nationalism /
Statement of responsibility, etc by Poonam Bawa
260 ## - PUBLICATION, DISTRIBUTION, ETC. (IMPRINT)
Place of publication, distribution, etc Jodhpur
Name of publisher, distributor, etc Books Treasure
Date of publication, distribution, etc 2004
300 ## - PHYSICAL DESCRIPTION
Extent 176p.
Dimensions 20 cms.
942 ## - ADDED ENTRY ELEMENTS (KOHA)
Source of classification or shelving scheme Dewey Decimal Classification
Item type English Books
Classification part 320.55
Call number suffix BAW
Holdings
Withdrawn status Lost status Not for loan Collection code Home library Current library Date acquired Cost, normal purchase price Full call number Barcode Cost, replacement price Koha item type
      Non-fiction Sarojini Nagar Sarojini Nagar 26/04/2012 250.00 320.55 BAW B-122223 250.00 English Books

© Delhi Public Library
Hit Counter
free hit counter